| 000 | 01747nam a2200229Ia 4500 | ||
|---|---|---|---|
| 008 | 260220t2005||||xx |||||||||||||| ||spa|| | ||
| 040 |
_aPY-SlUNAC _bspa _erda |
||
| 041 | _aspa | ||
| 082 |
_a598.209 882 _bN219n |
||
| 245 | 0 |
_aNaturaleza y conservación : _brevista de aves argentinas |
|
| 264 |
_aBuenos Aires : _bAsociación Ornitológica del Plata, _c℗2005. |
||
| 300 | _a1 volumen | ||
| 520 | _a"Naturaleza y conservación: revista de aves argentinas" es una publicación de la Asociación Ornitológica del Plata que se centra en la investigación y conservación de las aves en Argentina. La revista aborda temas como la biodiversidad, ecología, comportamiento y la importancia de las aves en los ecosistemas locales, promoviendo un enfoque interdisciplinario que integra la biología, la conservación y la educación ambiental. A través de artículos científicos, informes de investigación y notas técnicas, se ofrece un espacio para la divulgación de conocimientos sobre las aves argentinas y las amenazas que enfrentan, como la pérdida de hábitat y el cambio climático. Además, se destacan iniciativas de conservación y proyectos comunitarios que buscan involucrar a la población en la protección de estas especies. La revista es un recurso valioso para investigadores, estudiantes y amantes de la naturaleza, contribuyendo al entendimiento de la avifauna argentina y la necesidad de su conservación en un contexto de creciente urbanización y desarrollo. | ||
| 653 | _aAves | ||
| 653 | _aConservación de la naturaleza | ||
| 653 | _aRevistas | ||
| 942 |
_b2026/02/17 _cBK |
||
| 999 |
_c8373 _d8373 |
||